| 000 | 01672nab a2200241 a 4500 | ||
|---|---|---|---|
| 005 | 20240104105938.0 | ||
| 008 | 991125c2017 uy fr p o 000 0 spa d | ||
| 035 | _aUPN01000225080 | ||
| 040 |
_aUPN _bspa _cUPN _eaacr2 |
||
| 049 | _aART-E | ||
| 100 | 1 |
_aPanaia, Marta _6- ptrabajo@cea.uba.ar |
|
| 245 | 1 | 3 |
_aLa creación de dispositivos de seguimiento de graduados con técnicas longitudinales: el caso de los laboratorios MIG _h[recurso electrónico en línea] |
| 506 | 0 | _aAcceso abierto | |
| 520 | 3 | _aLos laboratorios de monitoreo de inserción de graduados (MIG) surgen frente a la preocupación constante por conocer los procesos de inserción de graduados en el mercado de trabajo profesional. La instalación de un dispositivo técnico de relevamiento sistemático en diferentes instituciones de educación superior permite la producción de datos estadísticos capaces de responder interrogantes fundamentales sobre la construcción de trayectorias laborales en estudiantes, graduados y abandonadores en todas las disciplinas. Esto es posible a partir de la aplicación de una metodología de investigación que combina estudios longitudinales con entrevistas biográficas que recorren simultáneamente las trayectorias de formación y de empleo para un período determinado. | |
| 653 | 0 | _aGraduados | |
| 653 | 0 | _aInserción laboral | |
| 653 | 0 | _aDemanda laboral | |
| 653 | 0 | _aSeguimiento de egresados | |
| 773 |
_g Vol. 4, no. 2 (2017), p. 10-21 _tInter-Cambios. Dilemas y transiciones de la educación superior _x2301-0126 |
||
| 856 | 4 | _uhttps://ojs.intercambios.cse.udelar.edu.uy/index.php/ic/article/view/126 | |
| 905 | _aArticulo | ||
| 942 | _cART-E | ||
| 999 |
_c197176 _d197176 |
||